Statistiques concernant Culture Générale - Série 1028

Cliquez ici pour prendre le quiz!

Statistiques générales

  • Ce quiz a été pris 57 fois
  • Le résultat moyen est 7 sur 10

Statistiques - réponses

QuestionRéponse% Correct
Dans un film de Spielberg, quelle bestiole bizarre pointe le doigt vers le ciel en disant : "Téléphone maison" ?.E.T
100%
Quelle couleur, selon ses nuances, peut être "céladon" ou "olive" ?vert
98%
Selon l'expression, quelle coiffure se crêpent des femmes qui se disputent ?chignon
96%
Quelle ville du Proche-Orient est surnommée "la ville trois fois sainte" ?Jérusalem
91%
Complétez cette expression : "Ménager la chèvre et le...chou
78%
Quel mot composé issu de l'anglais désigne une grande caravane tractable, souvent immobilisée sur des plots pour servir d'habitation principale ?mobil-home
67%
De quel mot "vélo" est-il l'abréviation ?vélocipède
67%
Dans la religion juive, la fête de Yom Kippour est aussi appelée la fête du "Grand...Pardon
65%
Le suroît est un vêtement imperméable des pêcheurs, mais c'est aussi un ...vent
25%
Dans quel département français se trouve la ville de Vouziers ?Ardennes
18%

Distribution des résultats

Percentile par nombre de réponses

% des personnes avec chaque résultat

Votre développement - résultats

Vous n’avez pas pris ce quiz